• 首页
  • 本馆介绍
  • 公告通知
  • 最新文献
  • 馆藏检索
  • 电子资源
  • 读者导购
  • 参考咨询
  • 我的图书馆
  • 登录
  • 详细信息显示
  • 放入我的书架
  • 预约/预借图书
  • 作者相关作品
  • 分类相关作品
  • 丛书相关作品
  • 出版社相关作品

书目信息

  • 表格格式
  • 工作单格式
  • 卡片格式
题名:
游戏舞蹈喜乐汇
    
 
作者: 胡伟 主编
分册:  
出版信息: 上海   上海音乐出版社  2020.12
页数: 123页
开本: 25cm
丛书名: 幼儿趣味舞蹈系列
单 册:
中图分类: J722.3
科图分类:
主题词: 儿童舞蹈
电子资源:
ISBN: 978-7-5523-2070-1
000 00968nam2 2200277 45
001 012001002300
005 20210923150709.23
010    @a978-7-5523-2070-1@dCNY76.00
100    @a20210526d2020 em y0chiy0110 ea
101 0  @achi
102    @aCN@b310000
105    @aa z 000yy
106    @ar
200 1  @a游戏舞蹈喜乐汇@Ayou xi wu dao xi le hui@f胡伟[等]主编
210    @a上海@c上海音乐出版社@d2020.12
215    @a123页@c图,照片@d25cm@e1光盘
225 2  @a幼儿趣味舞蹈系列@f胡伟总主编
300    @a首都示范大学音乐与舞蹈学“新时代”学科建设创新工程
330    @a本书由幼儿舞蹈启示录、使用说明以及12节具体课例组成。书中课例包括了划小船、吹泡泡、剪刀石头布、老鹰捉小鸡、两只老虎、洋娃娃与小熊跳舞等。
410  0 @12001 @a幼儿趣味舞蹈系列
461  0 @12001 @a幼儿趣味舞蹈系列@1701 0@a胡伟总主编
606 0  @a儿童舞蹈
690    @aJ722.3@v5
701  0 @a胡伟@Ahu wei@c(舞蹈)@4主编
801    @aCN@bAHXH@c20210922
905    @b1281523-7@dJ722.3@e284@f5
    
    游戏舞蹈喜乐汇/胡伟[等]主编.-上海:上海音乐出版社,2020.12
    123页:图,照片;25cm+1光盘.-(幼儿趣味舞蹈系列/胡伟总主编)
    首都示范大学音乐与舞蹈学“新时代”学科建设创新工程
    
    ISBN 978-7-5523-2070-1:CNY76.00
    本书由幼儿舞蹈启示录、使用说明以及12节具体课例组成。书中课例包括了划小船、吹泡泡、剪刀石头布、老鹰捉小鸡、两只老虎、洋娃娃与小熊跳舞等。
●
相关链接 在E读中查询图书 在五车中查询图书 在当当中查询图书 在豆瓣中查询图书


正题名:游戏舞蹈喜乐汇     索取号:J722.3/284         预约/预借

序号 登录号 条形码 馆藏地/架位号 状态 备注
1 1281523   212815239   第一样本阅览室/ [索取号:J722.3/284] 在馆    
2 1281524   212815248   教育系资料室/ [索取号:J722.3/284] 在馆    
3 1281525   212815257   教育系资料室/ [索取号:J722.3/284] 在馆    
4 1281526   212815266   第一借阅区/ [索取号:J722.3/284] 在馆    
5 1281527   212815275   第一借阅区/ [索取号:J722.3/284] 在馆    
唐山师范学院图书馆 欢迎您!
大连网信软件有限公司© 版权所有